2025 Year Quiz - Statistics

General Stats
  • This quiz has been taken 21 times
    15 since last reset
  • The average score is 8 of 14
Answer Stats
Hint Answer % Correct
Person who became President of the United States Donald Trump
100%
Billionaire who was his advisor for his early term Elon Musk
93%
Controversial financier whose files were a big deal that year Jeffrey Epstein
93%
Christian activist who was brutally shot by the left in Utah Charlie Kirk
87%
British prince who was stripped of his titles due to his association with the above Andrew
73%
Singer who released the album "The Life of a Showgirl" Taylor Swift
67%
Place in the Middle East where war ended after 2 years Gaza
60%
Nepal
47%
Country whose president was arrested after briefly declaring martial law South Korea
47%
Rapper who performed at the Super Bowl halftime show Kendrick Lamar
40%
Prime Minister elected in Canada Mark Carney
40%
City that had significant riots against ICE in June Los Angeles
33%
Song by the above that topped the Billboard Hot 100 for 13 weeks Luther
13%
Countries whose governments were overthrown with the help of social media Madagascar
7%
No matching quizzes found
Score Distribution
Percent of People with Each Score
Percentile by Number Answered
Your Score History
You have not taken this quiz since the last reset